Συνοπτικός οδηγός λειτουργιών Dos και Bios

Αποθηκεύτηκε σε:
Λεπτομέρειες βιβλιογραφικής εγγραφής
Συγγραφή απο Οργανισμό/Αρχή: Que Corporation
Μορφή: Βιβλίο
Γλώσσα:Greek
English
Δημοσίευση: Αθήνα : Γκιούρδας, 1990.
Θέματα:
Ετικέτες: Προσθήκη ετικέτας
Δεν υπάρχουν, Καταχωρήστε ετικέτα πρώτοι!

MARC

LEADER 00000cam a2200000 i 4500
001 1/37584
008 941201s1990 gr | ||| |||| ||gre||
035 |a 1994  |c Παναγιωτόπουλο  |l 10040548 
040 |a GR-MyUa  |b gre  |e AACR2 
041 1 |a gre  |h eng 
082 7 |a 005.43   |2 (22) 
110 2 |a Que Corporation. 
245 1 0 |a Συνοπτικός οδηγός λειτουργιών Dos και Bios /   |c Que Corporation ; απόδοση στην ελληνική Γιώργος Κ. Βαγενάς. 
260 |a Αθήνα :   |b Γκιούρδας,   |c 1990. 
300 |a 156 σ. ;   |c 20 εκ. 
500 |a Τίτλος πρωτοτύπου: DOS and BIOS functions quick reference. 
504 |a Περιλαμβάνει ευρετήριο. 
630 0 0 |a MS-DOS (Computer file) 
630 0 0 |a PC-DOS (Computer file) 
852 |a INST  |b SAMOS  |e 19941201  |h 005.43 QUE  |p 005300008292  |q 005300008292  |t BK  |y 0